Quick Pick: Movies of 2015 Quiz Stats

 Plays Quiz Updated Jan 27, 2018

Challenge
Share
Tweet
Embed
Score 0/20 Timer 01:00
13 Plays Today
% Correct
Shades
90.2%
Awakens
88.7%
Impossible
86.3%
Four
85.9%
Transylvania
85.1%
World
85.1%
Andreas
84.6%
Compton
83.7%
Jobs
81.9%
Out
81.6%
% Correct
Fury
81.4%
Movie
80.4%
Eight
79.4%
U.N.C.L.E.
76.5%
Ultron
73.5%
Ascending
71.7%
Spies
70.7%
Heart
68.7%
Dinosaur
67.4%
Genisys
62.1%

Today's Daily Dose

You're not logged in!

Compare scores with friends on all Sporcle quizzes.
OR
Log In

You Might Also Like...

Show Comments

Extras

Top Quizzes Today


Score Distribution

Your Account Isn't Verified!

In order to create a playlist on Sporcle, you need to verify the email address you used during registration. Go to your Sporcle Settings to finish the process.

Report this User

Report this user for behavior that violates our Community Guidelines.

Details: